02519 2201105 4500001002100000005001500021035002000036007000300056008004100059020002200100082001100122084001700133100002600150245011700176250001000293300003300303500003700336700002700373700003600400264003000436336002100466337003000487338002300517650003300540990001200573990001200585990001200597990001200609990001200621990001200633990001200645990001200657990001200669990001200681990001200693990001200705990001200717990001200729990001200741990001200753990001200765990001200777990001200789990001200801990001200813990001200825990001200837990001200849990001200861990001200873990001200885990001200897990001200909990001200921990001200933990001200945990001200957990001200969990001200981990001200993990001201005990001201017990001201029990001201041990001201053990001201065990001201077990001201089990001201101990001201113990001201125990001201137990001201149990001201161990001201173990001201185990001201197990001201209990001201221990001201233990001201245990001201257990001201269990001201281990001201293990001201305990001201317990001201329990001201341990001201353990001201365990001201377990001201389990001201401INLIS00000000000031120231031111605 a0010-1023000092ta231031 0 ind  a978-979-29-6839-2 a004.65 a004.65 PAT t0 aPatwiyantoePengarang1 aTeknologi Layanan Jaringan SMK/MAK Kelas XII :bKompetensi Keahlian : Teknik Komputer dan Jaringan /cPatwiyanto aed. 1 aix, 164 hlm :bilus ;c25 cm aKurikulum 2013 Edisi Revisi 20170 aSri WahyuniePengarang0 aSumari Agus PrasetyoePengarang aYogyakarta :bAndi,c2018 2rdacontentateks 2rdamediaatanpa perantara 2rdacarrieravolume 4aTeknik Komputer dan Jaringan a22.0818 a22.0819 a22.0820 a22.0821 a22.0822 a22.0823 a22.0824 a22.0825 a22.0826 a22.0827 a22.0828 a22.0829 a22.0830 a22.0831 a22.0832 a22.0833 a22.0834 a22.0835 a22.0836 a22.0837 a22.0838 a22.0839 a22.0840 a22.0841 a22.0842 a22.0843 a22.0844 a22.0845 a22.0846 a22.0847 a22.0848 a22.0849 a22.0850 a22.0851 a22.0852 a22.0853 a22.0854 a22.0855 a22.0856 a22.0857 a22.0858 a22.0859 a22.0860 a22.0861 a22.0862 a22.0863 a22.0864 a22.0865 a22.0866 a22.0867 a22.0868 a22.0869 a22.0870 a22.0871 a22.0872 a22.0873 a22.0874 a22.0875 a22.0876 a22.0877 a22.0878 a22.0879 a22.0880 a22.0881 a22.0882 a22.0883 a22.0884 a22.0885 a22.0886 a22.0887